Statistics for Largest Producers of Resources

Click here to take the quiz!

General Stats

  • This quiz has been taken 26 times
  • The average score is 19 of 25

Answer Stats

HintAnswer% Correct
BauxiteAustralia
100%
Sugar cane and CoffeeBrazil
100%
Tea, Rice, Coal and more (see caveat)China
100%
Spices, Cotton, Jute, Milk, etc.India
100%
DiamondsRussia
100%
CobaltDemocratic Republic of the Congo
95%
CoconutsIndonesia
95%
Saffron and PistachiosIran
90%
SilverMexico
90%
Petroleum, CNG, Bromine, Diatomite, etc.United States
90%
PlatinumSouth Africa
86%
OpiumAfghanistan
81%
DatesEgypt
81%
RyeGermany
81%
QuinoaPeru
76%
FeldsparTurkey
76%
YamsNigeria
71%
CashewsVietnam
71%
CopperChile
67%
UraniumKazakhstan
67%
Shrimp/PrawnsThailand
62%
CocoaIvory Coast
48%
RubiesMyanmar
43%
EmeraldZambia
43%
SapphireMadagascar
29%

Score Distribution

Percentile by Number Answered

Percent of People with Each Score

Your Score History

You have not taken this quiz